000 00814cam a22002415a 4500
001 18177624
005 20201128023853.0
008 140605s2014 ii a frb f001 0 eng d
020 _a9780198079767 (pbk.)
020 _a0198079761 (pbk.)
040 _aSINAP
_cSINAP
_dBTCTA
_dBDX
_dYDXCP
_dLTSCA
_dDLC
_dEG-ScBUE
_beng
082 0 4 _222
_a337
_bACH
100 1 _aAcharyya, Rajat.
_941539
245 1 0 _aInternational economics :
_ban introduction to theory and policy /
_cRajat Acharyya.
250 _a1st ed.
260 _aNew Delhi :
_bOxford University Press,
_c2014.
300 _axxxiii, 556 p. :
_bill. ;
_c25 cm.
500 _aIndex : p. 551-556.
504 _aIncludes bibliographical references.
650 7 _aInternational economic relations.
_2BUEsh
_93036
653 _bBUSECO
_cOctober2016
942 _2ddc
999 _c22559
_d22531